UK Analogies Quiz - Statistics

General Stats
  • This quiz has been taken 76 times
  • The average score is 4 of 15
Answer Stats
Clue Answer % Correct
Pudding is to Yorkshireas _____ is to Cornwall Pasty
86%
Number 10 is to the Prime Ministeras ______ __ is to the Chancellor Number 11
76%
Steel is to Sheffieldas ______ is to Manchester Cotton
66%
Battle of Hastings is to Harold Godwinsonas ______ __ ________ _____ is to Richard III Battle of Bosworth Field
37%
Stormont is to Northern Irelandas ________ is to Scotland Holyrood
34%
Stratford-Upon-Avon is to Shakespeareas ______ is to Chaucer London
29%
Anglicanism is to Englandas _______________ is to Scotland Presbyterianism
26%
Chartists are to working menas ____________ are to women Suffragettes
26%
Clyde is to Glasgowas _____ is to Plymouth Tamar
16%
William Wallace is to Scotlandas _____ _______ is to Wales Owain Glyndŵr
14%
Caerdydd is to Cardiffas ________ is to Swansea Abertawe
11%
PLP is to Labouras ____ _________ is to the Conservatives 1922 Committee
7%
Henry VII is to Tudoras ______ __ is to Stuart Robert II
6%
Bogside is to Irish Nationalistsas _________ is to British Unionists Waterside
4%
"The lady's not for turning," is to Thatcheras "_____ ____ __ __________" is to Wilson White Heat of Techonology
4%
No matching quizzes found
Score Distribution
Percent of People with Each Score
Percentile by Number Answered
Your Score History
You have not taken this quiz